[Event "Moravia-Silesia Region-chT 2223"]
[Site "Czech Republic"]
[Date "2023.02.26"]
[Round "9"]
[White "Gajda, Rostislav"]
[Black "Vasek, Vladimir"]
[Result "1/2-1/2"]
[WhiteElo "1628"]
[BlackElo "1880"]
[PlyCount "56"]
[EventDate "2022.10.09"]
[EventType "team-tourn"]
[EventRounds "11"]
[EventCountry "CZE"]
[SourceTitle "EXT 2024"]
[Source "ChessBase"]
[SourceDate "2023.10.10"]
[SourceVersion "1"]
[SourceVersionDate "2023.10.10"]
[SourceQuality "1"]
[WhiteTeam "Poruba Slavoj IV"]
[BlackTeam "Senov"]
[WhiteTeamCountry "CZE"]
[BlackTeamCountry "CZE"]

1. e4 e6 2. Nc3 d5 3. Nf3 a6 4. d4 Nf6 5. e5 Nfd7 6. Bd3 c5 7. dxc5 Bxc5 8. 0-0 Nc6 9. Re1 b5 10. Bf4 Qb6 11. Qe2 Nd4 12. Nxd4 Bxd4 13. Nd1 Nc5 14. Qg4 Nxd3 15. cxd3 Kf8 16. Rc1 Bb7 17. Re2 Rc8 18. Rxc8+ Bxc8 19. Rc2 Bb7 20. h4 h6 21. Be3 Bxe3 22. Nxe3 d4 23. Nf1 Kg8 24. Ng3 Kh7 25. Nh5 Rg8 26. f4 Kh8 27. Qd1 Rc8 28. Qg4 Rg8 1/2-1/2

[Event "LSS No Engine Cup 218 Final"]
[Site "LSS email"]
[Date "2022.01.27"]
[Round "?"]
[White "Vasek, Vladimir"]
[Black "Navarro, Roberto"]
[Result "0-1"]
[WhiteElo "2153"]
[BlackElo "1318"]
[PlyCount "136"]
[EventDate "2022.01.27"]
[EventType "tourn (corr)"]
[EventRounds "6"]
[EventCountry "GER"]
[SourceTitle "Corr 2024"]
[Source "ChessBase"]
[SourceDate "2023.10.19"]
[SourceVersion "1"]
[SourceVersionDate "2023.10.19"]
[SourceQuality "1"]

1. e4 e5 2. Nf3 Nc6 3. Bb5 f5 4. d3 fxe4 5. dxe4 Nf6 6. 0-0 d6 7. Nc3 Be7 8. Be3 Bg4 9. h3 Bh5 10. Be2 Qc8 11. a3 Bd8 12. Bc4 h6 13. b4 a6 14. Re1 Ne7 15. a4 Ng6 16. Be2 0-0 17. Qd3 Ne7 18. b5 Bg6 19. Nh4 Bh7 20. Qc4+ Kh8 21. Red1 Bg8 22. Qb4 a5 23. Qb2 b6 24. Ra3 Bh7 25. Bd3 Qd7 26. Raa1 g5 27. Nf3 Ng6 28. Nh2 Nf4 29. Re1 Qg7 30. Rad1 Be7 31. Qb3 h5 32. Nd5 N4xd5 33. exd5 g4 34. hxg4 Nxg4 35. Bxh7 Kxh7 36. Qd3+ Kh8 37. Qe2 Rg8 38. Rd3 Raf8 39. Rc3 Nf6 40. Qf3 Qg6 41. Rc4 Rg7 42. Nf1 Bd8 43. Ng3 Rgg8 44. Re2 Ng4 45. Qe4 Qf6 46. Qd3 Rg7 47. Nf1 Qf7 48. Kh1 Qg8 49. Rd2 Rgf7 50. f3 Nxe3 51. Nxe3 Bg5 52. Re2 Rh7 53. Nf5 Qf7 54. Ne3 Bf4 55. Nf1 Rg7 56. Rce4 Rfg8 57. Rf2 Rg5 58. Rc4 Qg7 59. Qe2 h4 60. Re4 Qg6 61. Nh2 Rh5 62. Rc4 Rg7 63. Ng4 Bg3 64. Rf1 h3 65. Kg1 Rh4 66. gxh3 Rxh3 67. Qg2 Qh7 68. Rf2 Qh4 0-1

[Event "LSS No Engine Cup 218 Preliminary 0"]
[Site "LSS email"]
[Date "2021.06.07"]
[Round "?"]
[White "Vasek, Vladimir"]
[Black "Cardoso do Espirito Santo, Rubens"]
[Result "1/2-1/2"]
[WhiteElo "2208"]
[BlackElo "1992"]
[PlyCount "120"]
[EventDate "2021.06.07"]
[EventType "tourn (corr)"]
[EventRounds "6"]
[EventCountry "GER"]
[SourceTitle "Corr 2024"]
[Source "ChessBase"]
[SourceDate "2023.10.19"]
[SourceVersion "1"]
[SourceVersionDate "2023.10.19"]
[SourceQuality "1"]

1. e4 e5 2. Nf3 Nc6 3. Bb5 a6 4. Ba4 Nf6 5. 0-0 Nxe4 6. d4 b5 7. Bb3 d5 8. dxe5 Be6 9. Nbd2 Nc5 10. c3 Be7 11. Bc2 Bg4 12. Re1 Qd7 13. Nf1 Rd8 14. Ne3 Bh5 15. b4 Ne6 16. g4 Bg6 17. Nf5 Qc8 18. a4 h5 19. axb5 axb5 20. h3 Qb7 21. Qe2 Kf8 22. Ra3 hxg4 23. hxg4 Kg8 24. Bd2 Bf8 25. Rea1 Rb8 26. Ra6 Ncd8 27. Bb3 c6 28. Ra7 Qc8 29. Qe3 Rb7 30. Ra8 Qd7 31. N3d4 Nxd4 32. cxd4 Ne6 33. Bc2 Nc7 34. R8a3 Qd8 35. Kg2 Ne6 36. Ra6 Rc7 37. Qc3 Rc8 38. Rc1 Ra8 39. Rxc6 Bxf5 40. gxf5 Bxb4 41. Qxb4 Qh4 42. Qc3 Qh2+ 43. Kf1 Qh1+ 44. Ke2 Qh5+ 45. f3 Qh2+ 46. Kd1 Qg1+ 47. Be1 b4 48. Rc8+ Nf8 49. Rxf8+ Rxf8 50. Qxb4 Rh2 51. Qc3 Qg2 52. Qd3 Rc8 53. e6 f6 54. Bb1 Rxc1+ 55. Kxc1 Qb2+ 56. Kd1 Rg2 57. Bc2 Qa1+ 58. Bb1 Qb2 59. Bc2 Qa1+ 60. Bb1 Qb2 1/2-1/2

[Event "LSS No Engine Cup 218 Preliminary 0"]
[Site "LSS email"]
[Date "2021.06.07"]
[Round "?"]
[White "Vasek, Vladimir"]
[Black "Malmstrom, Jan"]
[Result "1-0"]
[WhiteElo "2208"]
[BlackElo "1495"]
[PlyCount "59"]
[EventDate "2021.06.07"]
[EventType "tourn (corr)"]
[EventRounds "6"]
[EventCountry "GER"]
[SourceTitle "Corr 2024"]
[Source "ChessBase"]
[SourceDate "2023.10.19"]
[SourceVersion "1"]
[SourceVersionDate "2023.10.19"]
[SourceQuality "1"]

1. e4 e5 2. Nf3 Nc6 3. Bb5 a6 4. Ba4 Nf6 5. 0-0 Nxe4 6. d4 b5 7. Bb3 d5 8. dxe5 Be6 9. c3 Qd7 10. Be3 Nc5 11. Bc2 Bg4 12. Nbd2 Ne6 13. h3 Bh5 14. a4 Rb8 15. axb5 axb5 16. Qb1 Bg6 17. b4 Be7 18. Nb3 0-0 19. Bd3 Bxd3 20. Qxd3 h6 21. Rfd1 Rfd8 22. Rd2 d4 23. Qe4 Qd5 24. Qxd5 Rxd5 25. Nbxd4 Ncxd4 26. Bxd4 Nxd4 27. Rxd4 Rbd8 28. Rxd5 Rxd5 29. Ra7 Rd2 30. Nxd2 1-0

[Event "LSS No Engine Cup 207 Final"]
[Site "LSS email"]
[Date "2021.05.21"]
[Round "?"]
[White "Vasek, Vladimir"]
[Black "Hoehne, Micha"]
[Result "1/2-1/2"]
[WhiteElo "2205"]
[BlackElo "2074"]
[PlyCount "98"]
[EventDate "2021.05.21"]
[EventType "tourn (corr)"]
[EventRounds "6"]
[EventCountry "GER"]
[SourceTitle "Corr 2024"]
[Source "ChessBase"]
[SourceDate "2023.10.19"]
[SourceVersion "1"]
[SourceVersionDate "2023.10.19"]
[SourceQuality "1"]

1. e4 e5 2. Nf3 Nc6 3. Bb5 Nf6 4. 0-0 Be7 5. Re1 d6 6. d4 exd4 7. Nxd4 Bd7 8. Nxc6 bxc6 9. Ba4 0-0 10. h3 h6 11. Qd3 c5 12. Bb3 Rb8 13. Nc3 a5 14. Bd2 Bc6 15. Rab1 Nd7 16. a4 Ne5 17. Qe2 Bd7 18. Nd5 Nc6 19. Rbd1 Re8 20. Bc3 Bh4 21. g3 Be7 22. Qh5 Be6 23. e5 Bf8 24. exd6 cxd6 25. Bc4 Nb4 26. Bxb4 cxb4 27. Bb5 Bd7 28. Bxd7 Qxd7 29. Qxh6 Rxe1+ 30. Rxe1 Qf5 31. Qd2 Qxh3 32. Qg5 Qh6 33. Qxh6 gxh6 34. Rd1 Rc8 35. Ne3 Be7 36. Rd5 Bg5 37. f4 Bd8 38. Rxd6 Be7 39. Rd2 Bc5 40. Kf2 Kg7 41. Kf3 Bxe3 42. Kxe3 f5 43. Rd7+ Kg6 44. Rd6+ Kh5 45. Rf6 Rxc2 46. Rxf5+ Kg4 47. Rxa5 Rxb2 48. Ra6 Ra2 49. Rxh6 Kxg3 1/2-1/2

[Event "LSS No Engine Cup 217 Preliminary 0"]
[Site "LSS email"]
[Date "2021.05.06"]
[Round "?"]
[White "Vasek, Vladimir"]
[Black "Vlasov, Aleksandr"]
[Result "1-0"]
[WhiteElo "2202"]
[BlackElo "1433"]
[PlyCount "49"]
[EventDate "2021.05.06"]
[EventType "tourn (corr)"]
[EventRounds "6"]
[EventCountry "GER"]
[SourceTitle "Corr 2024"]
[Source "ChessBase"]
[SourceDate "2023.10.19"]
[SourceVersion "1"]
[SourceVersionDate "2023.10.19"]
[SourceQuality "1"]

1. e4 e5 2. Nf3 d6 3. d4 exd4 4. Nxd4 Nf6 5. Nc3 Bd7 6. Be2 Nc6 7. 0-0 Be7 8. Be3 0-0 9. f3 a6 10. Nxc6 Bxc6 11. Qd2 b5 12. a4 Qd7 13. axb5 axb5 14. b4 Rfb8 15. Rfb1 Qe8 16. Ra5 Rxa5 17. bxa5 b4 18. Nd5 Bxd5 19. exd5 c5 20. dxc6 Qxc6 21. Rxb4 Rxb4 22. Qxb4 Qxc2 23. Qc4 Qb1+ 24. Kf2 Qb7 25. a6 1-0

[Event "LSS No Engine Cup 217 Preliminary 0"]
[Site "LSS email"]
[Date "2021.05.06"]
[Round "?"]
[White "Vasek, Vladimir"]
[Black "Wuttke, Bodo"]
[Result "1/2-1/2"]
[WhiteElo "2202"]
[BlackElo "2132"]
[PlyCount "92"]
[EventDate "2021.05.06"]
[EventType "tourn (corr)"]
[EventRounds "6"]
[EventCountry "GER"]
[SourceTitle "Corr 2024"]
[Source "ChessBase"]
[SourceDate "2023.10.19"]
[SourceVersion "1"]
[SourceVersionDate "2023.10.19"]
[SourceQuality "1"]

1. e4 e6 2. d4 d5 3. Nc3 Nf6 4. e5 Nfd7 5. f4 c5 6. Nf3 Qb6 7. Na4 Qa5+ 8. c3 cxd4 9. b4 Qc7 10. Nxd4 a6 11. Qd3 Nc6 12. Be2 Nxd4 13. Qxd4 Be7 14. Be3 Bh4+ 15. g3 Be7 16. 0-0 0-0 17. a3 b5 18. Nb2 Bb7 19. a4 bxa4 20. Nxa4 Rfb8 21. f5 exf5 22. Rxf5 Rf8 23. Qf4 f6 24. exf6 Bd6 25. Qf3 d4 26. Bc4+ Qxc4 27. Qxb7 Qe6 28. Qd5 Qxd5 29. Rxd5 dxe3 30. Rxd6 Nxf6 31. Re1 Rfe8 32. Re2 Reb8 33. Rxe3 a5 34. bxa5 Rb1+ 35. Kg2 Rxa5 36. Rd4 h6 37. Re2 Rc1 38. h3 Kh7 39. Rc4 Ra8 40. h4 Nd5 41. Re5 Nf6 42. Rd4 Ra1 43. Nb2 Rc1 44. Nd1 Raa1 45. Ne3 Ra2+ 46. Kf3 Rxc3 1/2-1/2

[Event "LSS No Engine Cup 216 Preliminary 0"]
[Site "LSS email"]
[Date "2021.04.11"]
[Round "?"]
[White "Csoma, Robert"]
[Black "Vasek, Vladimir"]
[Result "0-1"]
[WhiteElo "1381"]
[BlackElo "2202"]
[PlyCount "58"]
[EventDate "2021.04.11"]
[EventType "tourn (corr)"]
[EventRounds "6"]
[EventCountry "GER"]
[SourceTitle "Corr 2024"]
[Source "ChessBase"]
[SourceDate "2023.10.19"]
[SourceVersion "1"]
[SourceVersionDate "2023.10.19"]
[SourceQuality "1"]

1. e4 c5 2. Nf3 Nc6 3. d4 cxd4 4. Nxd4 Nf6 5. Nc3 e5 6. Ndb5 d6 7. a4 a6 8. Na3 Bg4 9. Be2 Bxe2 10. Qxe2 d5 11. exd5 Nxd5 12. Nxd5 Qxd5 13. 0-0 Nd4 14. Qd1 Rd8 15. Be3 Bc5 16. c3 Nb3 17. Qxd5 Rxd5 18. c4 Rd7 19. Nc2 Nxa1 20. Rxa1 Bxe3 21. Nxe3 Rd3 22. Kf1 Rb3 23. Ra2 Ke7 24. Ke2 Rd8 25. Nd5+ Kd6 26. Kd2 Kc5 27. Kc2 Kxc4 28. Ne3+ Kb4 29. Nf1 Rbd3 0-1

[Event "LSS No Engine Cup 216 Preliminary 0"]
[Site "LSS email"]
[Date "2021.04.11"]
[Round "?"]
[White "Vasek, Vladimir"]
[Black "Schleef, Harald"]
[Result "0-1"]
[WhiteElo "2202"]
[BlackElo "2369"]
[PlyCount "114"]
[EventDate "2021.04.11"]
[EventType "tourn (corr)"]
[EventRounds "6"]
[EventCountry "GER"]
[SourceTitle "Corr 2024"]
[Source "ChessBase"]
[SourceDate "2023.10.19"]
[SourceVersion "1"]
[SourceVersionDate "2023.10.19"]
[SourceQuality "1"]

1. e4 e5 2. Nf3 Nc6 3. Bb5 a6 4. Ba4 Nf6 5. 0-0 Be7 6. Re1 b5 7. Bb3 0-0 8. c3 d6 9. h3 Na5 10. Bc2 c5 11. d4 exd4 12. cxd4 Re8 13. Nc3 Bb7 14. d5 Nd7 15. b3 Bf6 16. Bb2 Bc8 17. Rb1 Nb7 18. Qd3 Ne5 19. Nxe5 Bxe5 20. a4 c4 21. bxc4 b4 22. Ne2 Bxb2 23. Rxb2 Nc5 24. Qf3 a5 25. Nd4 Bd7 26. Nb5 Bxb5 27. cxb5 Rc8 28. Qf4 Qf6 29. Qxf6 gxf6 30. Kf1 Nd7 31. Re3 Rc4 32. Ke1 Kf8 33. Ke2 Nc5 34. Kd1 h5 35. g3 h4 36. g4 Rc8 37. Kd2 Nd7 38. Bb3 Rc1 39. Rc2 R8xc2+ 40. Bxc2 Rf1 41. Ke2 Ra1 42. Bb3 Ke7 43. Kd2 Kd8 44. Bc2 Ne5 45. Bb3 Kc7 46. Ke2 Nd7 47. Bc2 Nc5 48. Rf3 Nxa4 49. Bxa4 Rxa4 50. Rxf6 b3 51. Kd2 Rc4 52. Rf3 Rc2+ 53. Kd1 a4 54. Rxf7+ Kb6 55. Rf6 Kxb5 56. Rxd6 a3 57. Rd8 a2 0-1

[Event "LSS No Engine Cup 215 Preliminary 0"]
[Site "LSS email"]
[Date "2021.03.13"]
[Round "?"]
[White "Vasek, Vladimir"]
[Black "Vlasov, Aleksandr"]
[Result "1-0"]
[WhiteElo "2197"]
[BlackElo "1472"]
[PlyCount "29"]
[EventDate "2021.03.13"]
[EventType "tourn (corr)"]
[EventRounds "6"]
[EventCountry "GER"]
[SourceTitle "Corr 2024"]
[Source "ChessBase"]
[SourceDate "2023.10.19"]
[SourceVersion "1"]
[SourceVersionDate "2023.10.19"]
[SourceQuality "1"]

1. e4 e6 2. d4 c5 3. d5 e5 4. f4 exf4 5. Bxf4 d6 6. Nf3 g6 7. Nc3 a6 8. e5 b5 9. Qd2 Bf5 10. 0-0-0 dxe5 11. Nxe5 b4 12. Qe3 Be7 13. d6 bxc3 14. Bc4 Qb6 15. Bxf7+ 1-0

[Event "LSS No Engine Cup 213 Preliminary 0"]
[Site "LSS email"]
[Date "2021.01.28"]
[Round "?"]
[White "Vasek, Vladimir"]
[Black "Shim Ng Min, Francis"]
[Result "1-0"]
[WhiteElo "2202"]
[BlackElo "1499"]
[PlyCount "21"]
[EventDate "2021.01.28"]
[EventType "tourn (corr)"]
[EventRounds "6"]
[EventCountry "GER"]
[SourceTitle "Corr 2024"]
[Source "ChessBase"]
[SourceDate "2023.10.19"]
[SourceVersion "1"]
[SourceVersionDate "2023.10.19"]
[SourceQuality "1"]

1. e4 c5 2. Nf3 g6 3. d4 Bg7 4. dxc5 Qa5+ 5. c3 Qxc5 6. Be3 Qc7 7. h3 e5 8. Na3 a6 9. Nc4 Ne7 10. Nd6+ Kf8 11. Ng5 1-0

[Event "LSS No Engine Cup 211 Preliminary 0"]
[Site "LSS email"]
[Date "2020.12.15"]
[Round "?"]
[White "Vasek, Vladimir"]
[Black "Wuttke, Bodo"]
[Result "1/2-1/2"]
[WhiteElo "2193"]
[BlackElo "2072"]
[PlyCount "46"]
[EventDate "2020.12.15"]
[EventType "tourn (corr)"]
[EventRounds "6"]
[EventCountry "GER"]
[SourceTitle "Corr 2022"]
[Source "ChessBase"]
[SourceDate "2021.10.24"]
[SourceVersion "1"]
[SourceVersionDate "2021.10.24"]
[SourceQuality "1"]

1. e4 e6 2. d4 d5 3. e5 c5 4. c3 Bd7 5. Nf3 Nc6 6. Be2 Qb6 7. 0-0 Rc8 8. dxc5 Bxc5 9. b4 Be7 10. Re1 f6 11. Be3 Qc7 12. Bf4 g5 13. exf6 Qxf4 14. fxe7 g4 15. Nh4 Qf6 16. b5 Ncxe7 17. g3 h5 18. f4 gxf3 19. Bxf3 Qg7 20. a4 Nf6 21. Ra2 Rc4 22. Rg2 Rg8 23. Qc2 Ng4 1/2-1/2

[Event "LSS No Engine Cup 210 Preliminary 0"]
[Site "LSS email"]
[Date "2020.11.23"]
[Round "?"]
[White "Korchut, Adam"]
[Black "Vasek, Vladimir"]
[Result "0-1"]
[WhiteElo "1969"]
[BlackElo "2182"]
[PlyCount "70"]
[EventDate "2020.11.23"]
[EventType "tourn (corr)"]
[EventRounds "6"]
[EventCountry "GER"]
[SourceTitle "Corr 2022"]
[Source "ChessBase"]
[SourceDate "2021.10.24"]
[SourceVersion "1"]
[SourceVersionDate "2021.10.24"]
[SourceQuality "1"]

1. e4 e5 2. Nf3 Nc6 3. Bb5 a6 4. Ba4 Nf6 5. 0-0 Be7 6. Re1 b5 7. Bb3 0-0 8. c3 d5 9. exd5 Nxd5 10. Nxe5 Nxe5 11. Rxe5 c6 12. d4 Bd6 13. Re1 Qh4 14. g3 Qh3 15. Be3 Bg4 16. Qd3 Rae8 17. Nd2 Qh5 18. Qf1 Re7 19. a4 Bh3 20. Bd1 Qf5 21. Qe2 Rfe8 22. axb5 axb5 23. Qh5 Qc8 24. Bf3 g6 25. Qg5 Bf5 26. Bxd5 cxd5 27. Rec1 h6 28. Qh4 h5 29. Bf4 Bxf4 30. Qxf4 Qe6 31. Rd1 Qe2 32. h4 Kg7 33. b4 Rc8 34. Rdc1 Rc6 35. Nf3 Re4 0-1

[Event "LSS No Engine Cup 210 Preliminary 0"]
[Site "LSS email"]
[Date "2020.11.23"]
[Round "?"]
[White "Vasek, Vladimir"]
[Black "Nowak, Andrzej"]
[Result "1/2-1/2"]
[WhiteElo "2182"]
[BlackElo "2073"]
[PlyCount "91"]
[EventDate "2020.11.23"]
[EventType "tourn (corr)"]
[EventRounds "6"]
[EventCountry "GER"]
[SourceTitle "Corr 2022"]
[Source "ChessBase"]
[SourceDate "2021.10.24"]
[SourceVersion "1"]
[SourceVersionDate "2021.10.24"]
[SourceQuality "1"]

1. e4 Nc6 2. d4 d5 3. exd5 Qxd5 4. Nf3 e5 5. Nc3 Bb4 6. Bd2 Bxc3 7. Bxc3 e4 8. Ne5 Nxe5 9. dxe5 Ne7 10. Qe2 Be6 11. g3 Qc5 12. 0-0-0 Nd5 13. Bd4 Qa5 14. a3 0-0-0 15. Qb5 Qxb5 16. Bxb5 c6 17. Be2 b6 18. b3 h5 19. Rhe1 Kb7 20. Bb2 h4 21. c4 hxg3 22. hxg3 Nc7 23. Rxd8 Rxd8 24. Rd1 Rh8 25. Kd2 Bf5 26. Ke3 Kc8 27. b4 Ne6 28. Bc3 c5 29. a4 Kc7 30. a5 Kc6 31. Rd6+ Kc7 32. Rd5 Rh2 33. Rd1 Kc6 34. Ra1 cxb4 35. Bxb4 Nc5 36. axb6 axb6 37. Bxc5 bxc5 38. Bd1 Be6 39. Ba4+ Kc7 40. Bb5 Kb7 41. Rf1 Kb6 42. Kxe4 g6 43. Ke3 Ka5 44. Rb1 Rh5 45. f4 Rh3 46. Kf2 1/2-1/2

[Event "LSS No Engine Cup 208 Preliminary 0"]
[Site "LSS email"]
[Date "2020.10.01"]
[Round "?"]
[White "Madrid, Pedro"]
[Black "Vasek, Vladimir"]
[Result "0-1"]
[WhiteElo "1684"]
[BlackElo "2173"]
[PlyCount "60"]
[EventDate "2020.10.01"]
[EventType "tourn (corr)"]
[EventRounds "6"]
[EventCountry "GER"]
[SourceTitle "Corr 2022"]
[Source "ChessBase"]
[SourceDate "2021.10.24"]
[SourceVersion "1"]
[SourceVersionDate "2021.10.24"]
[SourceQuality "1"]

1. d4 Nf6 2. Nf3 g6 3. Nc3 Bg7 4. e4 d6 5. Be2 0-0 6. 0-0 c6 7. a4 Nbd7 8. h3 Qc7 9. a5 e5 10. dxe5 dxe5 11. Be3 Rd8 12. Qc1 Nf8 13. Rd1 Rxd1+ 14. Qxd1 Ne6 15. Bc4 Bf8 16. Ng5 Nxg5 17. Bxg5 Nh5 18. Qf3 Nf4 19. Rd1 Be6 20. Bf1 Qxa5 21. Bxf4 exf4 22. Qxf4 Qb4 23. Rb1 a5 24. Ne2 Ba2 25. c3 Qb6 26. Rd1 Qxb2 27. Rd2 Qb1 28. h4 a4 29. e5 Be6 30. Nd4 Bc4 0-1

[Event "LSS No Engine Cup 207 Preliminary 0"]
[Site "LSS email"]
[Date "2020.09.16"]
[Round "?"]
[White "Vasek, Vladimir"]
[Black "Gronbech, Torsten"]
[Result "1-0"]
[WhiteElo "2159"]
[BlackElo "1600"]
[PlyCount "51"]
[EventDate "2020.09.16"]
[EventType "tourn (corr)"]
[EventRounds "6"]
[EventCountry "GER"]
[SourceTitle "Corr 2022"]
[Source "ChessBase"]
[SourceDate "2021.10.24"]
[SourceVersion "1"]
[SourceVersionDate "2021.10.24"]
[SourceQuality "1"]

1. e4 b6 2. d4 Bb7 3. Bd3 d6 4. Nf3 g6 5. 0-0 Bg7 6. Re1 Nd7 7. Nc3 e6 8. Bf4 Ne7 9. Qd2 e5 10. dxe5 Nxe5 11. Bb5+ N7c6 12. Bxe5 dxe5 13. Qd5 0-0 14. Bxc6 Bxc6 15. Qxc6 Qd6 16. Qc4 Rfd8 17. Rad1 Qf6 18. Rxd8+ Rxd8 19. Qxc7 Bh6 20. Nxe5 Rd2 21. Ng4 Qf4 22. Nxh6+ Qxh6 23. Nd5 Qh4 24. Qc8+ Kg7 25. Qc3+ f6 26. Qxd2 1-0

[Event "LSS No Engine Cup 193 Final"]
[Site "LSS email"]
[Date "2020.05.31"]
[Round "?"]
[White "Hoehne, Micha"]
[Black "Vasek, Vladimir"]
[Result "0-1"]
[WhiteElo "1977"]
[BlackElo "1914"]
[PlyCount "94"]
[EventDate "2020.05.31"]
[EventType "tourn (corr)"]
[EventRounds "6"]
[EventCountry "GER"]
[SourceTitle "Corr 2022"]
[Source "ChessBase"]
[SourceDate "2021.10.24"]
[SourceVersion "1"]
[SourceVersionDate "2021.10.24"]
[SourceQuality "1"]

1. e4 e6 2. d4 d5 3. e5 c5 4. Nf3 Nc6 5. c3 Qb6 6. a3 c4 7. Be2 Bd7 8. 0-0 Na5 9. h3 Nb3 10. Ra2 Ba4 11. Qe1 Ne7 12. Nbd2 Na5 13. Bd1 Qb5 14. Bxa4 Qxa4 15. Qd1 Qxd1 16. Rxd1 h6 17. Re1 Kd7 18. a4 Rc8 19. g3 Rc6 20. h4 Ra6 21. Nf1 Nb3 22. N3d2 b5 23. Nxb3 cxb3 24. Ra3 bxa4 25. Nd2 Nc6 26. Ra1 Ra5 27. Nb1 Be7 28. Kf1 Ra6 29. Re3 Rb8 30. Re2 a3 31. Nxa3 Bxa3 32. bxa3 Na5 33. Bb2 Nc4 34. Ke1 Rb5 35. h5 Rba5 36. Rb1 Nxa3 37. Bxa3 Rxa3 38. Kd1 Kc6 39. Reb2 Rb6 40. Kd2 a5 41. g4 Ra2 42. Kc1 Rxb2 43. Kxb2 a4 44. f4 Kb5 45. f5 Kc4 46. Rg1 Rb8 47. f6 gxf6 0-1

[Event "LSS No Engine Cup 193 Final"]
[Site "LSS email"]
[Date "2020.05.31"]
[Round "?"]
[White "Selmeczi, Jozsef"]
[Black "Vasek, Vladimir"]
[Result "1/2-1/2"]
[WhiteElo "2059"]
[BlackElo "1914"]
[PlyCount "187"]
[EventDate "2020.05.31"]
[EventType "tourn (corr)"]
[EventRounds "6"]
[EventCountry "GER"]
[SourceTitle "Corr 2022"]
[Source "ChessBase"]
[SourceDate "2021.10.24"]
[SourceVersion "1"]
[SourceVersionDate "2021.10.24"]
[SourceQuality "1"]

1. d4 Nf6 2. c4 g6 3. Nc3 Bg7 4. Nf3 0-0 5. e4 d6 6. Be2 e5 7. Be3 Nc6 8. d5 Ne7 9. 0-0 Ng4 10. Bg5 h6 11. Bd2 Nf6 12. Qc1 g5 13. h4 g4 14. Ne1 h5 15. g3 Bd7 16. Bh6 Nh7 17. Bxg7 Kxg7 18. f4 exf4 19. Qxf4 Ng6 20. Qe3 Qe7 21. Nd3 a6 22. Kg2 Rae8 23. Qd4+ Kg8 24. Rae1 Ne5 25. Bd1 Nxd3 26. Qxd3 Qe5 27. Re2 Re7 28. Ba4 Bxa4 29. Rf5 Qg7 30. Nxa4 Rfe8 31. Ref2 Re5 32. R5f4 Nf8 33. c5 R5e7 34. cxd6 cxd6 35. Qa3 Ng6 36. Rf5 Qd4 37. Nc3 b5 38. Qxd6 b4 39. Ne2 Qxe4+ 40. Kh2 Qxe2 41. Rxe2 Rxe2+ 42. Kg1 Rxb2 43. Kf1 Rb1+ 44. Kg2 Re2+ 45. Rf2 Ree1 46. Rd2 Rg1+ 47. Kf2 Rbf1+ 48. Ke3 Rf3+ 49. Kd4 Rgxg3 50. Kc5 b3 51. Qxa6 bxa2 52. Qa8+ Nf8 53. Rxa2 Kg7 54. Qa4 Rf6 55. Rd2 Rc3+ 56. Kb5 Nd7 57. Qa1 Rc5+ 58. Kb4 Kg6 59. d6 Rff5 60. Qa6 Kf6 61. Qa8 Rb5+ 62. Kc3 Kg7 63. Kc2 Ra5 64. Qe4 Nf6 65. Qe3 Rfe5 66. Qf4 Re4 67. Qf2 Nd7 68. Kc3 Rea4 69. Qe2 Re5 70. Qd1 Ra3+ 71. Kb4 Raa5 72. Qf1 Ra8 73. Rd4 Rb8+ 74. Kc3 Rc5+ 75. Rc4 Rd5 76. Rd4 Rc8+ 77. Kd3 Ra5 78. Qb1 Re8 79. Qb2 Kg6 80. Kd2 f5 81. Qc3 Rae5 82. Kd1 Re4 83. Rxe4 Rxe4 84. Kc1 Re5 85. Qd2 Rc5+ 86. Kb1 Kf7 87. Qa2+ Kf6 88. Qg8 Ke5 89. Qe8+ Kxd6 90. Qxh5 Re5 91. Qf7 Re1+ 92. Kc2 Ne5 93. Qf6+ Kd5 94. Qxf5 1/2-1/2

[Event "LSS No Engine Cup 193 Final"]
[Site "LSS email"]
[Date "2020.05.31"]
[Round "?"]
[White "Vasek, Vladimir"]
[Black "Jenneborg, Seved"]
[Result "0-1"]
[WhiteElo "1914"]
[BlackElo "2137"]
[PlyCount "104"]
[EventDate "2020.05.31"]
[EventType "tourn (corr)"]
[EventRounds "6"]
[EventCountry "GER"]
[SourceTitle "Corr 2022"]
[Source "ChessBase"]
[SourceDate "2021.10.24"]
[SourceVersion "1"]
[SourceVersionDate "2021.10.24"]
[SourceQuality "1"]

1. e4 e5 2. Nf3 Nc6 3. Bb5 Nf6 4. 0-0 Nxe4 5. d4 Nd6 6. Bxc6 dxc6 7. dxe5 Nf5 8. Qxd8+ Kxd8 9. Rd1+ Ke8 10. Nc3 Be7 11. Ne4 h6 12. b3 a5 13. a4 b6 14. Bb2 Be6 15. c4 Rd8 16. h3 c5 17. g4 Nh4 18. Nxh4 Bxh4 19. f4 g6 20. Nf6+ Bxf6 21. exf6 Rd7 22. Rxd7 Kxd7 23. Re1 Re8 24. Kf2 h5 25. Kg3 hxg4 26. hxg4 Rg8 27. Kh4 Rh8+ 28. Kg5 Rh2 29. f5 gxf5 30. gxf5 Rg2+ 31. Kh6 Bxf5 32. Re7+ Kd8 33. Be5 Rg6+ 34. Kh5 Bg4+ 35. Kh4 Be6 36. Bxc7+ Kc8 37. Be5 Rg1 38. Rc7+ Kd8 39. Rb7 Rh1+ 40. Kg5 Rf1 41. Bd6 Rf5+ 42. Kh4 Rxf6 43. Rxb6 Rf3 44. Bxc5 Kc7 45. Rb5 Bd7 46. Rxa5 Rxb3 47. Ra7+ Kc6 48. Be7 Rb7 49. a5 Rxa7 50. Bd8 Be6 51. Bb6 Ra8 52. c5 Rg8 0-1

[Event "LSS No Engine Cup 189 Final"]
[Site "LSS email"]
[Date "2019.12.16"]
[Round "?"]
[White "Van Bommel, Ton"]
[Black "Vasek, Vladimir"]
[Result "1-0"]
[WhiteElo "2396"]
[BlackElo "2136"]
[PlyCount "127"]
[EventDate "2019.12.17"]
[EventType "tourn (corr)"]
[EventRounds "6"]
[EventCountry "GER"]
[SourceTitle "Corr 2022"]
[Source "ChessBase"]
[SourceDate "2021.10.24"]
[SourceVersion "1"]
[SourceVersionDate "2021.10.24"]
[SourceQuality "1"]

1. Nf3 Nf6 2. c4 g6 3. g3 Bg7 4. Bg2 0-0 5. 0-0 d6 6. d4 c5 7. dxc5 dxc5 8. Nc3 Nc6 9. Bf4 Be6 10. Ne5 Na5 11. Qe1 Nh5 12. Rd1 Qc8 13. Nd5 Bxd5 14. cxd5 Nxf4 15. gxf4 Qc7 16. b3 b6 17. Nc6 Nxc6 18. dxc6 Rfd8 19. e3 Rxd1 20. Qxd1 Rd8 21. Qc2 e6 22. Rd1 Rxd1+ 23. Qxd1 Kf8 24. Qd3 Ke7 25. Qc4 a5 26. h3 h6 27. Bf3 f5 28. h4 Bf6 29. h5 gxh5 30. a3 h4 31. b4 axb4 32. axb4 Kd6 33. Kg2 Qg7+ 34. Kh3 Qc7 35. Qd3+ Ke7 36. Qa3 Kd6 37. b5 Qg7 38. Qa8 Qc7 39. Be2 Qd8 40. Qa4 Qe8 41. Qd1+ Kc7 42. Bc4 Qc8 43. Qb3 Kd6 44. Qa2 h5 45. Qb3 Ke7 46. Qa4 Kd6 47. Qa2 Bc3 48. Qa7 Qc7 49. Qa8 Bf6 50. Qf8+ Qe7 51. Qg8 e5 52. Qb8+ Qc7 53. Qf8+ Qe7 54. Qc8 exf4 55. c7 fxe3 56. Qb7 Qxc7 57. Qd5+ Ke7 58. Qf7+ Kd8 59. Qxf6+ Kd7 60. Qe6+ Kd8 61. Qf6+ Kd7 62. Qxf5+ Kd8 63. Qf8+ Kd7 64. f4 1-0